Parliamentary procedure: (Record no. 613115)
[ view plain ]
| 000 -LEADER | |
|---|---|
| fixed length control field | 00392nam a22001337a 4500 |
| 020 ## - INTERNATIONAL STANDARD BOOK NUMBER | |
| International Standard Book Number | 0845347713 |
| 082 ## - DEWEY DECIMAL CLASSIFICATION NUMBER | |
| Classification number | 060.42 |
| Author Mark | RAY |
| 100 ## - MAIN ENTRY--PERSONAL NAME | |
| Personal name | M. Stanley Ryan. |
| 245 ## - TITLE STATEMENT | |
| Title | Parliamentary procedure: |
| Remainder of title | essential principles / |
| Statement of responsibility, etc. | M. Stanley Ryan |
| 260 ## - PUBLICATION, DISTRIBUTION, ETC. | |
| Place of publication, distribution, etc. | New York : |
| Name of publisher, distributor, etc. | Cornwall Books: |
| Date of publication, distribution, etc. | 1985. |
| 300 ## - PHYSICAL DESCRIPTION | |
| Extent | 227 pages |
| Dimensions | 22 cm. |
| 650 ## - SUBJECT ADDED ENTRY--TOPICAL TERM | |
| Topical term or geographic name entry element | Parliamentary procedure |
| 942 ## - ADDED ENTRY ELEMENTS (KOHA) | |
| Source of classification or shelving scheme | |
| Koha item type | Book |
| 650 ## - SUBJECT ADDED ENTRY--TOPICAL TERM | |
| -- | 128084 |
| Withdrawn status | Lost status | Source of classification or shelving scheme | Damaged status | Not for loan | Permanent Location | Current Location | Date acquired | Total Checkouts | Full call number | Barcode | Date last seen | Price effective from | Koha item type | Source of acquisition |
|---|---|---|---|---|---|---|---|---|---|---|---|---|---|---|
| NUST Law School (NLS) | NUST Law School (NLS) | 03/03/2025 | 060.42 RAY | NLS-406 | 03/03/2025 | 03/03/2025 | Book | |||||||
| NUST Law School (NLS) | NUST Law School (NLS) | 03/03/2025 | 060.42 RAY | NLS-407 | 03/03/2025 | 03/03/2025 | Book | |||||||
| NUST Law School (NLS) | NUST Law School (NLS) | 03/03/2025 | 060.42 RAY | NLS-408 | 03/03/2025 | 03/03/2025 | Book | |||||||
| NUST Law School (NLS) | NUST Law School (NLS) | 03/03/2025 | 060.42 RAY | NLS-409 | 03/03/2025 | 03/03/2025 | Book | |||||||
| NUST Law School (NLS) | NUST Law School (NLS) | 06/25/2025 | 060.42 RAY | NLS-1909 | 06/25/2025 | 06/25/2025 | Book | Pakistan Law House | ||||||
| NUST Law School (NLS) | NUST Law School (NLS) | 06/25/2025 | 060.42 RAY | NLS-1910 | 06/25/2025 | 06/25/2025 | Book | Pakistan Law House | ||||||
| NUST Law School (NLS) | NUST Law School (NLS) | 06/25/2025 | 060.42 RAY | NLS-1911 | 06/25/2025 | 06/25/2025 | Book | Pakistan Law House | ||||||
| NUST Law School (NLS) | NUST Law School (NLS) | 06/25/2025 | 060.42 RAY | NLS-1912 | 06/25/2025 | 06/25/2025 | Book | Pakistan Law House |
